Score 0/36 Timer 04:00
1 Play Today
Hint 4-Letter Word % Correct
Outdoors garment worn on cold daysCOAT
94%
Group of musiciansBAND
93.9%
Informal conversationCHAT
93.6%
The actors in a movie or a playCAST
93.6%
Heavy armoured fighting vehicleTANK
92.8%
Total spent for goods or servicesCOST
92.1%
Curved segment (of a road or river)BEND
90.5%
The place where one livesHOME
89.7%
Job that is undertakenTASK
87.5%
Container that holds ale or wineCASK
87.1%
Droplet of water, sweat for exampleBEAD
86.7%
Adult female horseMARE
85.4%
Large shallow African lake (and country)CHAD (Lake)
83.7%
Fourth largest of the Great LakesERIE (Lake)
82%
Genus of great apes (includes humans)HOMO
82%
Donkeys have big onesEARS
81.9%
Roman god of war MARS
81.4%
A book, especially a scholarly oneTOME
80.1%
Hint 4-Letter Word % Correct
Occasion for eating food MEAL
79.5%
Makes a mistakeERRS
77.8%
Largest reservoir in the United StatesMEAD (Lake)
77.4%
Ripped apart paper or materialTORE
75.8%
Hemispherical roofDOME
74.9%
To a greater or additional degreeMORE
69.8%
Goddess of discord; sister of AresERIS
68.9%
Stretch of swampy or boggy groundMIRE
64.8%
Irish Gaelic name for IrelandEIRE
61.9%
Move or travel towardsCOME
61.5%
ltalian lake also known as LarioCOMO (Lake)
61%
Star Trek, Troy and Hulk actor Eric BANA
60.8%
The source of the Blue NileTANA (Lake)
57.5%
Large freshwater lake in SaskatchewanDORÉ (Lake)
53.5%
Rubber covering for a car's wheel (UK)TYRE
53.2%
Lake (and the lowest point in Australia)EYRE (Lake)
45.9%
Lake that is broad in relation to its depthMERE
40.4%
Common black European thrushMERL
39.2%

Today's Daily Dose

Remove Ads.
Support Sporcle.
Get the best of Sporcle when you Go Orange. This ad-free experience offers more features, more stats, and more fun while also helping to support Sporcle. Thank you for becoming a member.

You're not logged in!

Compare scores with friends on all Sporcle quizzes.
OR
Log In

Show Comments

Extras

Top Quizzes Today


Score Distribution

Your Account Isn't Verified!

In order to create a playlist on Sporcle, you need to verify the email address you used during registration. Go to your Sporcle Settings to finish the process.

Report this User

Report this user for behavior that violates our Community Guidelines.

Details: